[Event "NCA-chT"]
[Site "Managua"]
[Date "2015.11.29"]
[Round "8.2"]
[White "Aybar Reyes, Eladio Alberto"]
[Black "David, Alarcon"]
[Result "0-1"]
[WhiteElo "1934"]
[BlackElo "2082"]
[PlyCount "56"]
[EventDate "2015.11.14"]
[EventType "team-tourn"]
[EventRounds "9"]
[EventCountry "NCA"]
[SourceTitle "EXT 2018"]
[Source "ChessBase"]
[SourceDate "2017.10.13"]
[SourceVersion "1"]
[SourceVersionDate "2017.10.13"]
[SourceQuality "1"]
[WhiteTeam "Joaking Cuadra"]
[BlackTeam "Joaquin Hurtado"]
[WhiteTeamCountry "NCA"]
[BlackTeamCountry "NCA"]

1. e4 e6 2. d4 d5 3. exd5 Qxd5 4. Nf3 c5 5. Nc3 Qd8 6. d5 exd5 7. Nxd5 Be6 8. Bb5+ Nd7 9. 0-0 a6 10. Bg5 Ne7 11. Bxe7 Bxe7 12. Nxe7 axb5 13. Nd5 0-0 14. Nf4 Bc4 15. Re1 b4 16. a3 bxa3 17. Rxa3 Rxa3 18. bxa3 Nf6 19. Ne5 Ba6 20. c4 Qa5 21. Nd5 Nxd5 22. cxd5 Rd8 23. Nf3 Qxa3 24. d6 Qd3 25. Qxd3 Bxd3 26. Ne5 Bb5 27. d7 f6 28. Nc6 Bxc6 0-1

[Event "NCA-chT"]
[Site "Managua"]
[Date "2015.11.28"]
[Round "7.2"]
[White "Aybar Reyes, Eladio Alberto"]
[Black "Garcia, Antonio1111"]
[Result "1-0"]
[WhiteElo "1934"]
[BlackElo "1955"]
[PlyCount "99"]
[EventDate "2015.11.14"]
[EventType "team-tourn"]
[EventRounds "9"]
[EventCountry "NCA"]
[SourceTitle "EXT 2018"]
[Source "ChessBase"]
[SourceDate "2017.10.13"]
[SourceVersion "1"]
[SourceVersionDate "2017.10.13"]
[SourceQuality "1"]
[WhiteTeam "Joaking Cuadra"]
[BlackTeam "Jose Raul Capablanca"]
[WhiteTeamCountry "NCA"]
[BlackTeamCountry "NCA"]

1. e4 c6 2. d4 d5 3. Nc3 dxe4 4. Nxe4 Nd7 5. Bc4 e6 6. Nf3 Ngf6 7. Ng3 Bd6 8. 0-0 Qc7 9. c3 b5 10. Bb3 Bb7 11. Bg5 h6 12. Bd2 a6 13. Qe2 Nb6 14. Rae1 0-0-0 15. c4 Bxg3 16. fxg3 bxc4 17. Bxc4 Nxc4 18. Qxc4 Nd5 19. Ne5 Rhf8 20. Rc1 Rd6 21. Qc5 f6 22. Ba5 Qb8 23. Nc4 Rdd8 24. Bxd8 Rxd8 25. Na5 Rd6 26. Rf3 Ba8 27. Rb3 Qc7 28. Nc4 Rd8 29. Re1 Kd7 30. Nb6+ Nxb6 31. Rxb6 Bb7 32. Re3 Ra8 33. Reb3 Bc8 34. Qf8 e5 35. Qxg7+ Kd8 36. Qxf6+ Ke8 37. Qxe5+ Qxe5 38. dxe5 Be6 39. Rb8+ Rxb8 40. Rxb8+ Kd7 41. Rh8 Bxa2 42. Rxh6 Bb3 43. Rd6+ Kc7 44. Kf2 a5 45. Ke3 a4 46. Kd4 Bc2 47. g4 Kb6 48. e6 Kc7 49. Kc5 Be4 50. e7 1-0

[Event "NCA-chT"]
[Site "Managua"]
[Date "2015.11.15"]
[Round "3.2"]
[White "Aybar Reyes, Eladio Alberto"]
[Black "Rocha, Maximiliano"]
[Result "0-1"]
[WhiteElo "1934"]
[BlackElo "2205"]
[PlyCount "62"]
[EventDate "2015.11.14"]
[EventType "team-tourn"]
[EventRounds "9"]
[EventCountry "NCA"]
[SourceTitle "EXT 2018"]
[Source "ChessBase"]
[SourceDate "2017.10.13"]
[SourceVersion "1"]
[SourceVersionDate "2017.10.13"]
[SourceQuality "1"]
[WhiteTeam "Joaking Cuadra"]
[BlackTeam "St Augustine School"]
[WhiteTeamCountry "NCA"]
[BlackTeamCountry "NCA"]

1. e4 e5 2. Nf3 Nc6 3. Bc4 Be7 4. 0-0 Nf6 5. d3 d6 6. h3 0-0 7. Nc3 Na5 8. Bb3 h6 9. Be3 c6 10. Ne2 Nxb3 11. axb3 Re8 12. Qd2 b6 13. Nh2 d5 14. f4 dxe4 15. fxe5 Nd5 16. d4 c5 17. c3 cxd4 18. cxd4 Bb4 19. Nc3 Nxe3 20. Qxe3 Rxe5 21. Kh1 Re7 22. Rf4 f5 23. Raf1 Bd6 24. R4f2 Bd7 25. Ng4 fxg4 26. Nd5 Re6 27. Rf7 Rc8 28. Qf2 Rg6 29. Rxg7+ Rxg7 30. Nf6+ Qxf6 31. Qxf6 Rf8 0-1